Detalles MARC
| 000 -LEADER |
| campo de control de longitud fija |
04618nam a22003377a 4500 |
| 001 - NÚMERO DE CONTROL |
| campo de control |
TIGAL 0016 |
| 003 - IDENTIFICADOR DE NÚMERO DE CONTROL |
| campo de control |
gtcocun |
| 005 - FECHA Y HORA DE LA ÚLTIMA TRANSACCIÓN |
| campo de control |
20250922175456.0 |
| 006 - CÓDIGOS DE INFORMACIÓN DE LONGITUD FIJA--CARACTERÍSTICAS DEL MATERIAL ADICIONAL |
| campo de control de longitud fija |
a||||gr|||| 00| 0 |
| 007 - CAMPO FIJO DE DESCRIPCIÓN FÍSICA--INFORMACIÓN GENERAL |
| campo de control de longitud fija |
ta |
| 008 - DATOS DE LONGITUD FIJA--INFORMACIÓN GENERAL |
| campo de control de longitud fija |
250922b2019 gt ||||| m||| 00| 0 eng d |
| 040 ## - FUENTE DE CATALOGACIÓN |
| Centro catalogador/agencia de origen |
gtcocun |
| Lengua de catalogación |
SPA |
| Centro/agencia transcriptor |
gtcocun |
| Normas de descripción |
RDA |
| 041 ## - CÓDIGO DE IDIOMA |
| Código de lengua del texto/banda sonora o título independiente |
SPA TIGAL 0016 |
| 084 ## - OTRO NÚMERO DE CLASIFICACIÓN |
| Número de control del registro de autoridad o número normalizado |
TIGAL 0016 |
| 100 ## - ENTRADA PRINCIPAL--NOMBRE DE PERSONA |
| Nombre de persona |
Argueta Medina, Oscar Gilberto |
| Término indicativo de función/relación |
Autor |
| 245 ## - MENCIÓN DEL TÍTULO |
| Título |
PLAN DE MANEJO DE RESIDUOS Y DESECHOS SÓLIDOS, EN LA ESCUELA DE FORMACIÓN AGRÍCOLA DE COBÁN, ALTA VERAPAZ/ |
| Mención de responsabilidad, etc. |
Oscar Gilberto Argueta Medina. |
| Medio |
Impreso |
| 264 ## - PRODUCCIÓN, PUBLICACIÓN, DISTRIBUCIÓN, FABRICACIÓN Y COPYRIGHT |
| Producción, publicación, distribución, fabricación y copyright |
Cobán, Alta Verapaz: |
| Nombre del de productor, editor, distribuidor, fabricante |
Universidad de San Carlos de Guatemala, Centro Universitario del Norte, Carrera de Ingeniería en Gestión Ambiental Local |
| Fecha de producción, publicación, distribución, fabricación o copyright |
2019 |
| 300 ## - DESCRIPCIÓN FÍSICA |
| Extensión |
132 p.: |
| Otras características físicas |
Ilustraciones, gráficas. |
| Dimensiones |
28 cm; |
| 300 ## - DESCRIPCIÓN FÍSICA |
| Dimensiones |
PDF |
| 336 ## - TIPO DE CONTENIDO |
| Fuente |
rdacontenido |
| Término de tipo de contenido |
Texto |
| Código de tipo de contenido |
txt |
| 337 ## - TIPO DE MEDIO |
| Fuente |
rdamedio |
| Nombre/término del tipo de medio |
Computadora |
| Código del tipo de medio |
n |
| 338 ## - TIPO DE SOPORTE |
| Fuente |
rdasoporte |
| Nombre/término del tipo de soporte |
Código en línea |
| Código del tipo de soporte |
cr |
| 502 ## - NOTA DE TESIS |
| identificador de la tesis |
TIGAL 0016 |
| 502 ## - NOTA DE TESIS |
| Nota de tesis |
Tesis de grado |
| Tipo de título |
Carrera de Ingeniería en Gestión Ambiental Local, |
| Nombre de la institución que otorga el título |
Universidad de San Carlos de Guatemala, Centro Universitario del Norte, Carrera de Ingeniería en Gestión Ambiental Local |
| Año de obtención del título |
2019 |
| Identificador de la tesis |
TIGAL 0016 |
| 520 14 - RESUMEN, ETC. |
| Sumario, etc. |
La Escuela de Formación Agrícola EFA de Cobán es regida por el Centro de<br/>Estudios Nacional Agrícolas y Forestales CENAFS y con respecto al manejo y<br/>tratamiento de sus desechos sólidos se basa en la Política Nacional para la Gestión<br/>Integral de Residuos y Desechos Acuerdo Gubernativo 281-2015.<br/><br/>Se realizó una cuantificación y caracterización de los residuos y desechos<br/>sólidos RDS generados en la EFA de Cobán. Se determinaron las características<br/>físicas de peso promedio mensual de 1178.65 kg y una densidad compactada de<br/>252.82 kg/m3. Los materiales más representativos con respecto al valor porcentual<br/>de peso fueron la materia orgánica equivalente al 43%, bioinfeccioso 10%, cartón<br/>9%, plásticos PET 6%, duroport y similares 6%, telas y textiles 5%, tetra pack 4%,<br/>papel 2%, madera y follaje 2%, otros 2% y metal 1%.<br/><br/>En cuanto a las características químicas, el análisis del porcentaje de<br/>humedad y kilocalorías/kilogramo se identificaron los porcentajes significativos de<br/>materia orgánica con 50.95%, madera y follaje 14.55%, papel 7.42%, cartón 3.78%,<br/>textiles 7.27% y metal 3.64%<br/><br/>La distribución de la composición de materia orgánica fue de 816.32 kg<br/>equivalentes al 70% y materia inorgánica con un peso de 341.67 kg equivalentes al<br/>30%, de un total del 100% de los residuos sólidos generados.<br/><br/>En cuanto a las características químicas, el análisis del porcentaje de<br/>humedad y kilocalorías sobre kilogramos kj/kg se tomó como referencia el peso del<br/>material de los residuos sólidos, identificando: los porcentajes significativos de<br/>materia orgánica con 50.95%, madera y follaje 14.55%, papel 7.42%, cartón 3.78%,<br/>textiles 7.27% y metal 3.64%; con respecto a los elementos que presentan los<br/>materiales, se determinó que los más significativos son para el elemento carbono e<br/>hidrogeno (plásticos, vidrio, cartón y papel); oxigeno (caucho, papel, madera, follaje y<br/>cartón; nitrógeno (duroport y similares, vidrio, textiles); azufre (cartón, papel y textiles;<br/>para el elemento de ceniza metal, inertes, papel cartón y duroport).<br/><br/>Estos principales hallazgos sirvieron como base para la elaboración del plan<br/>de manejo de los desechos y residuos sólidos RDS, acorde a las necesidades<br/>ambientales de la institución y a los recursos humanos y financieros que posee.<br/><br/>Se propone implementar el plan para mitigar el impacto negativo al ambiente,<br/>en el área que ocupa la EFA de Cobán. La propuesta está orientada a la evaluación<br/>de aspectos de reutilización, reducción, reparación, reciclaje y regulación de los RDS<br/>(5 eres).<br/><br/>La implementación de la propuesta tiene la finalidad, de minimizar los efectos<br/>negativos al ambiente y de carácter docente para la formación de los estudiantes y<br/>un efecto multiplicador de los conocimientos obtenidos, ya que los alumnos son<br/>procedentes de varias regiones del país, en donde pueden actuar como agentes de<br/>cambio. |
| 650 14 - PUNTO DE ACCESO ADICIONAL DE MATERIA--TÉRMINO DE MATERIA |
| Fuente del encabezamiento o término |
LEMB |
| Término de materia o nombre geográfico como elemento de entrada |
Cobán, Alta Verapaz |
| Subdivisión general |
Ingeniería en Gestión Ambiental Local |
| -- |
EFA |
| -- |
Desechos sólidos |
| -- |
Materia orgánica |
| -- |
Plásticos |
| -- |
Características químicas |
| 700 ## - ENTRADA AGREGADA--NOMBRE PERSONAL |
| Nombre de persona |
Ing. Nery Alejandro Chocooj Barrientos |
| Término indicativo de función/relación |
Asesor |
| 856 ## - LOCALIZACIÓN Y ACCESO ELECTRÓNICOS |
| Identificador Uniforme de Recurso |
<a href="https://drive.google.com/file/d/1Q8OY_CzXF7T9XxIBYJg0KbavKLZUM4R2/view">https://drive.google.com/file/d/1Q8OY_CzXF7T9XxIBYJg0KbavKLZUM4R2/view</a> |
| Texto de enlace |
PDF |
| Nota pública |
Un ejemplar en línea. |
| 942 ## - ELEMENTOS DE ENTRADA SECUNDARIOS (KOHA) |
| Fuente de la clasificación o esquema de estantería |
Clasificación Decimal Dewey |
| Tipo de ítem Koha |
TESIS |
| Parte de la signatura que identifica el ejemplar (Parte del ítem) |
TIGAL 0016 |
| Prefijo de la signatura |
Clasificación |
| Suprimir en OPAC |
No |
| -- |
TIGAL_0016_000000000000000 |